|
|
|
|
| LEADER |
00866cam a2200229 7i4500 |
| 001 |
0000026232 |
| 005 |
20170218090000.0 |
| 008 |
090217 eng |
| 020 |
|
|
|a 9781422116968 (hbk.)
|
| 040 |
|
|
|a OhCoOLI
|
| 090 |
0 |
0 |
|a HD62.4
|b .H49 2007
|
| 100 |
1 |
|
|a Hexter, Jimmy
|
| 245 |
1 |
0 |
|a Operation China :
|b from strategy to execution
|c Jimmy Hexter, Jonathan Woetzel.
|
| 260 |
|
|
|a Boston, Mass.:
|b Harvard Business School Press,
|c 2007.
|
| 300 |
|
|
|a xix, 212 p.:
|b ill.;
|c 24 cm.
|
| 500 |
|
|
|a Includes index
|
| 650 |
0 |
0 |
|a International business enterprises --
|x Management --
|z China
|
| 700 |
1 |
|
|a Woetzel, Jonathan
|
| 997 |
|
|
|a Business & Accountancy, Faculty
|
| 999 |
|
|
|a 0000001973
|b BOK
|c OPEN SHELF
|e 1st Floor, Shah Alam
|
| 999 |
|
|
|a 0000033207
|b BOK
|c OPEN SHELF
|e 1st Floor, Shah Alam
|
| 999 |
|
|
|a 0000033208
|b BOK
|c OPEN SHELF
|e 1st Floor, Shah Alam
|